| 000 | 00766nam a2200229 i 4500 | ||
|---|---|---|---|
| 001 | bg | ||
| 245 | 0 | 0 |
_aKierunki rozwoju technologii wtrysku / _c[dobór i oprac. ogólne Henryk Zawistowski ; red. Ewa Muniak]. |
| 260 |
_aWarszawa : _bWydawnictwa Przemysłowe WEMA, _c1994. |
||
| 300 |
_a281, [2] s. : _bfot., rys., wykr. ; _c21 cm. |
||
| 500 | _aMateriały Sympozjum Przetwórstwo Tworzyw Sztucznych PLASTECH'94. | ||
| 650 | 9 |
_aTworzywa sztuczne _xtechnologia |
|
| 655 | _aMateriały konferencyjne | ||
| 700 | 1 |
_aZAWISTOWSKI, Henryk. _eOprac. |
|
| 700 | 1 |
_aMUNIAK, Ewa. _eRed. |
|
| 020 | _a8385250409 | ||
| 040 | _cBPK | ||
| 041 | 0 | _apl | |
| 080 | _a678.5/.7(061.3) | ||
| 920 | _a83-85250-40-9 | ||
| 942 | _cKS | ||
| 008 | s pl f |000 0 pol | ||
| 999 |
_c32680 _d32680 |
||